00710 2200229 4500001002100000005001500021035002000036007000300056008004100059020002200100020002200122082000800144084001400152100001800166245011000184250002300294260004400317300005600361650002600417650001000443504002700453INLIS00000000000398820251105102239 a0010-1125000020ta251105 g 0 ind  a978-602-8363-06-8 a978-979-678-729-6 a500 a500 TEG s0 aTeguh Pratama1 aSeri Bacaan IPA Untuk Anak: Mengenal Makhluk Hidup /cTeguh Pratama (Penyusun); Fitriani Mulyana (Editor) aCetakan Tahun 2018 aBandung :bGraha Bandung Kencana,c2018 aiv; 78 Halaman :bIlustrasi Berwarna; teks ;c25 cm 4aIlmu Pengetahuan Alam 4aSains aBibliografi Halaman 75